Zabezpečenie práv a povinností v slovenskom pracovnom práve

Analýza zabezpečenia práv a povinností v pracovnom práve. Vybrané teoreticko-právne, ako aj praktické problémy jednotlivých zabezpečovacích inštitútov, t.j. dohody o zrážkach zo mzdy, ručenia a záložného práva. Nevyhnutnosť využitia metódy analógie občianskoprávnych predpisov.

Enregistré dans:
Détails bibliographiques
Auteur principal: Dolobáč, Marcel
Format: Chapitre de livre
Langue:slovaque
Sujets:
Tags: Ajouter un tag
Pas de tags, Soyez le premier à ajouter un tag!

MARC

LEADER 00000nla a2200000 4500
001 0247435
005 20240417075144.6
041 0 |a slo 
044 |a SK 
245 1 0 |a Zabezpečenie práv a povinností v slovenskom pracovnom práve  |c Marcel Dolobáč 
520 |a Analýza zabezpečenia práv a povinností v pracovnom práve. Vybrané teoreticko-právne, ako aj praktické problémy jednotlivých zabezpečovacích inštitútov, t.j. dohody o zrážkach zo mzdy, ručenia a záložného práva. Nevyhnutnosť využitia metódy analógie občianskoprávnych predpisov. 
610 2 0 |a právo pracovné 
610 2 0 |a vzťahy pracovnoprávne 
610 2 0 |a právo záložné 
610 2 0 |a Slovensko 
610 2 0 |a zákonník práce 
100 1 |a Dolobáč, Marcel